Word Ladder: Capcom Video Game Quiz Stats

 Plays Quiz Updated Jun 22, 2018

Challenge
Share
Tweet
Embed
Score 0/18 Timer 02:00
0 Plays Today
Clue 4-Letter Word % Correct
Opposite of moreLESS
97.1%
An untidy areaMESS
95.9%
A beautiful, thorned flowerROSE
95.2%
A Scottish womanLASS
94.7%
The part played by an actor or actressROLE
93.3%
Payment to ride a roadTOLL
92.3%
Hammer or screwdriver, e.g.TOOL
91.3%
•Female robot assistant of Dr. Light•
OR Partner of stop and drop
•ROLL•
90%
Corner chess pieceROOK
89.9%
Clue 4-Letter Word % Correct
•Dr. Wily's strongest and most rebellious robot•
OR a very tall stringed instrument
•BASS•
87.7%
A trick or deceptionRUSE
86.2%
Pippin the Hobbit's last nameTOOK
86.2%
To clobber or a huge partyBASH
85.7%
An eruption on the skinRASH
83.4%
•When combined with 'man', creates the Japanese name of the famed Blue Bomber•
OR a genre of music
•ROCK•
80.4%
•Canine companion of the famed Blue Bomber•
OR 'Tom Sawyer' Band
•RUSH•
80%
A flat area of landMESA
79%
•When combined with 'man', creates the English name of the famed Blue Bomber•
OR a prefix meaning one million
•MEGA•
75%

Today's Daily Dose

You're not logged in!

Compare scores with friends on all Sporcle quizzes.
Join for Free
OR
Log In

You Might Also Like...

Show Comments

Extras

Top Quizzes Today


Score Distribution

Your Account Isn't Verified!

In order to create a playlist on Sporcle, you need to verify the email address you used during registration. Go to your Sporcle Settings to finish the process.

Report this User

Report this user for behavior that violates our Community Guidelines.

Details: